|
|
|
|
| LEADER |
00000cam a2200000 a 4500 |
| 001 |
UCE4263 |
| 003 |
CL-VaPUC |
| 008 |
141016e19580000sp |||||||||||||||||spa|d |
| 082 |
0 |
4 |
|a 843
|b DUM
|2 21
|
| 100 |
0 |
|
|a Dumas, Alejandro
|e author
|9 576831
|
| 700 |
0 |
|
|a Lazaro Ros, Amando
|e author
|9 576832
|
| 245 |
1 |
4 |
|a Los tres mosqueteros
|
| 250 |
|
|
|a 1a. ed
|
| 300 |
|
|
|a 980 p
|
| 942 |
|
|
|c BK
|
| 945 |
|
|
|d 20141016 12:02:00
|a arojas
|
| 260 |
|
|
|a Madrid
|b Aguilar
|c 1958
|
| 650 |
|
0 |
|a Novela francesa
|9 264985
|
| 650 |
|
0 |
|a Literatura francesa
|9 266330
|
| 583 |
|
|
|a last modification
|c 20141016 12:02:00
|k Rodrigo Vera
|
| 999 |
|
|
|c 357287
|d 357285
|
| 952 |
|
|
|0 0
|1 0
|3 erd
|4 0
|6 843_000000000000000_DUM_1958
|7 0
|8 A
|9 465167
|a BIBEDU
|b BIBEDU
|i 5009677
|o 843 DUM 1958
|p 5009677
|r 2019-11-23
|w 2019-11-23
|y BK
|z Catalogado en:20141016
|k LIT
|